| 000 | 00482nam a2200193Ia 4500 | ||
|---|---|---|---|
| 008 | 170918s9999 xx 000 0 und d | ||
| 020 | _a9780439981811 | ||
| 050 | _bH787d 2002 | ||
| 100 | _aHooper, Mary | ||
| 245 | _aSpooks and scares! / | ||
| 245 | _cby Mary Hooper ; illustrated by Judy Brown. | ||
| 260 | _aNew York : | ||
| 260 | _bScholastic, | ||
| 260 | _c2002 | ||
| 300 | _a64 pages : | ||
| 300 | _billustrations ; | ||
| 300 | _c19cm. | ||
| 300 | _eDisastrous Dez. | ||
| 999 |
_c344322 _d344322 |
||